Príklady zo štatistických metód

Na minha lista:
Detalhes bibliográficos
Autor principal: Bakytová, Hedviga
Formato: Livro
Idioma:eslovaco
Publicado em: Bratislava Alfa 1972
Edição:1. vyd.
Assuntos:
Acesso em linha:View in OPAC
Tags: Adicionar Tag
Sem tags, seja o primeiro a adicionar uma tag!

MARC

LEADER 00000nam a2200000 a 4500
005 20260127134256.0
008 060510s1972 xo slo d
020 |c 20.00 
035 |a vtls008709251 
035 |a POKPOH4738 
039 9 |a 200810030943  |b mschk03  |y 200605291113  |z VLOAD 
040 |a POKPOH  |b slo  |c POKPOH  |d STUSCHK1 
041 0 |a slo 
100 1 |a Bakytová, Hedviga 
245 1 |a Príklady zo štatistických metód  |c Hedviga Bakytová 
250 |a 1. vyd. 
260 |a Bratislava  |b Alfa  |c 1972 
300 |a 250 s. viaz. 
650 0 7 |a matematika  |2 POKPOH 
650 0 7 |a štatistika  |2 POKPOH 
650 0 7 |a štatistické metódy  |2 POKPOH 
655 7 |a príklady  |2 POKPOH 
910 |a pokpoh 
910 |a SCHK95 
999 |c 8500  |d 8500